000 00483nam a2200157Ia 4500
005 20250528013526.0
008 240331s9999 xx 000 0 und d
020 _a9559367595
082 _bKAR
_a302
100 _aKarunanayake,N
245 0 _aSanniwedanaya saha sanwardenaya :
_bsanwarna sanniwedanayata praweshayak
260 _aDivulapitiya
_bsaraswati publishers
300 _aix, 274 p .,
500 _aa book about approach to development communication in Sinhala
942 _cL
999 _c5394
_d5394